Auditive Räume des alten Ägypten : die Umgestaltung einer Hörkultur in der Amarnazeit /

محفوظ في:

المؤلف الرئيسي: Meyer-Dietrich, Erika (مؤلف)

التنسيق: كتاب

اللغة: German

منشور في: Leiden ; Boston : Brill, [2018].

سلاسل: Culture and History of the ancient Near East ; 92.
CHANE ; 92.

الموضوعات:

الوسوم: إضافة وسم

لا توجد وسوم, كن أول من يضع وسما على هذه التسجيلة!

رقم الطلب: DS41 .C85 v.92

LEADER 00797namaa2200241 4500
003 OSt
005 20260305112935.0
008 130303s2018 ne 000 0 ger d
020 |a 9789004354944 
040 |c ARCE Library 
050 4 |a DS41 .C85 v.92 
100 1 |a Meyer-Dietrich, Erika,  |e author 
245 1 0 |a Auditive Räume des alten Ägypten :   |b die Umgestaltung einer Hörkultur in der Amarnazeit /   |c von Erika Meyer-Dietrich. 
264 1 |a Leiden ;   |a Boston :   |b Brill,  |c [2018]. 
300 |a xx, 1107 pages ;  |c 25 cm. 
490 0 |a Culture and History of the ancient Near East ;   |v 92. 
490 0 |a CHANE ;   |v 92. 
650 0 |a Architectural acoustics. 
651 0 |a Egypt  |x Civilization  |y To 332 B.C. 
651 0 |a Tell el-Amarna (Egypt) 
901 |a reviewed 
942 |c BK  |2 lcc 
999 |c 7454  |d 7454